Reed's engineering knowledge : instruments & control systems for deck officers (Record no. 68032)

000 -LEADER
fixed length control field 00508nam a22001817a 4500
003 - CONTROL NUMBER IDENTIFIER
control field NUST - PNEC
005 - DATE AND TIME OF LATEST TRANSACTION
control field 20170116181039.0
008 - FIXED-LENGTH DATA ELEMENTS--GENERAL INFORMATION
fixed length control field 150921b xxu||||| |||| 00| 0 eng d
020 ## - INTERNATIONAL STANDARD BOOK NUMBER
International Standard Book Number 0901281158
040 ## - CATALOGING SOURCE
Transcribing agency LIBRARY
082 ## - DEWEY DECIMAL CLASSIFICATION NUMBER
Classification number 623.87 EMB
100 ## - MAIN ENTRY--PERSONAL NAME
9 (RLIN) 4052
Personal name Embleton, William;
245 ## - TITLE STATEMENT
Title Reed's engineering knowledge : instruments & control systems for deck officers
Statement of responsibility, etc. William Embleton
250 ## - EDITION STATEMENT
Edition statement 5th ed.
260 ## - PUBLICATION, DISTRIBUTION, ETC.
Date of publication, distribution, etc. 1995
650 ## - SUBJECT ADDED ENTRY--TOPICAL TERM
9 (RLIN) 11532
Topical term or geographic name entry element Nautical instruments
General subdivision ME
942 ## - ADDED ENTRY ELEMENTS (KOHA)
Source of classification or shelving scheme
Koha item type Book
Holdings
Withdrawn status Lost status Source of classification or shelving scheme Damaged status Not for loan Permanent Location Current Location Shelving location Date acquired Total Checkouts Full call number Barcode Date last seen Price effective from Koha item type
          Pakistan Navy Engineering College (PNEC) Pakistan Navy Engineering College (PNEC)       623.87 EMB PNECLIB-027999 09/21/2015   Book
© 2023 Central Library, National University of Sciences and Technology. All Rights Reserved.